00370 a2200121 4500001001000000005001700010008004100027245004500068100002500113700002100138773007200159999001700231ART_1196220260410161902.0260409a 10aOn the welfare effects of tax limitation1 aRubinfeld, Daniel L.1 aCourant, Paul N.0 tJournal of public economicsg- Vol. 16, NÂș 3 (dic. 1981)wREV11485 c25973d25973